000 00933nam a2200253 i 4500
001 181121
003 ES-MaACL
005 20250808062831.0
008 121017s2012 sp |||| | spa d
020 _a978-84-7914-976-5
080 _a252.8
100 1 _aJuan Crisóstomo
_cSanto.
_9139759
245 1 0 _aObras de San Juan Crisóstomo.
_nIV,
_pHomilías sobre la Primera Carta a los Corintios /
_cedición preparada por María Inmaculada Delgado Jara.
250 _aEd. bilingüe.
260 _aMadrid :
_bBiblioteca de Autores Cristianos,
_c2012.
300 _aLII, 1142 p. ;
_c19 cm.
490 1 _aBiblioteca de autores cristianos ;
_v706
546 _aTexto en español y griego.
630 0 _aBiblia.
_pN.T.
_pCorintios I-
_vSermones.
_9151677
700 1 _aDelgado Jara, María Inmaculada.
_9151676
830 0 0 _aBiblioteca de autores cristianos
_v706
_9178679
852 _aES-MaACL
_jJ-694
999 _c181121
_d181121